| 000 | 00404nam a22001577a 4500 | ||
|---|---|---|---|
| 003 | mut | ||
| 005 | 20240606081528.0 | ||
| 008 | 211207b xxu||||| |||| 00| 0 eng d | ||
| 020 | _a9781593156565 | ||
| 040 | _cMUT | ||
| 050 |
_aPS3563 .A72 _bS66 2011 |
||
| 100 |
_aMartin, Kat _eAuthor |
||
| 245 | _aA Song for My Mother | ||
| 260 |
_aNew York. _bvanguard Press, _cc2011 |
||
| 942 |
_2lcc _cBK |
||
| 999 |
_c20969 _d20969 |
||